Online Catalogue and eLibrary

Suicide in Sri Lanka : (Record no. 2943)

MARC details
000 -LEADER
fixed length control field 00372nam a2200145Ia 4500
005 - DATE AND TIME OF LATEST TRANSACTION
control field 20240610012159.0
008 - FIXED-LENGTH DATA ELEMENTS--GENERAL INFORMATION
fixed length control field 240331s9999 xx 000 0 und d
082 ## - DDC Classification
Class No. 364
Item Number - Author Mark SUI
245 #0 - TITLE STATEMENT
Title Suicide in Sri Lanka :
Remainder of title proceedings of a workshop
260 ## - PUBLICATION, DISTRIBUTION, ETC.
Place of publication, distribution, etc. Colombo
Name of publisher, distributor, etc. Redd Barna Sri Lanka.
Date of publication, distribution, etc. 1989
300 ## - PHYSICAL DESCRIPTION
Extent (e.g. Volumes, Pages etc.) 76 p.,
650 ## - SUBJECT ADDED ENTRY--TOPICAL TERM
Topical term or geographic name entry element Suicide
700 ## - ADDED ENTRY--PERSONAL NAME
Personal name De Silva, P
942 ## - Koha item type (Biblio)
Koha item type Books in Stacks (Lending)
Holdings
Lost status Damaged status Collection code Home library Current library Shelving location Date acquired Full call number Accession Number Item type
    Lending WERC Library WERC Library Social Science Cupboard 03/31/2024 364.1SUI 80 Books in Stacks (Lending)

© WERC Library